000 00674nam a2200289Ia 4500
005 20260324122003.0
008 008 260324s9999 xx 000 0 eng d
020 _a9781003151593
037 _aEBOOK
040 _aCRL
040 _beng
040 _cCRL
041 _2eng
041 _aeng
084 _qCRL
100 _aM.S. Robinson
_91164665
245 0 _aHigh-Performance Buildings
245 2 _bA Guide for Owners & Managers
260 _bTaylor and Francis
260 _c2013
365 _a
365 _b290
856 _uhttp://www.taylorfrancis.com/books/9781003151593
942 _cEBOOK
999 _c1757087
_d1757087